[Event "Fouesnant op 14th"]
[Site "Fouesnant"]
[Date "2008.11.01"]
[Round "9"]
[White "Fournier, Sylvain"]
[Black "Bourgeois, Bastien"]
[Result "1/2-1/2"]
[WhiteElo "1942"]
[BlackElo "1898"]
[PlyCount "94"]
[EventDate "2008.10.25"]
[EventType "swiss"]
[EventRounds "9"]
[EventCountry "FRA"]
[SourceTitle "EXT 2009"]
[Source "ChessBase"]
[SourceDate "2008.11.26"]
[SourceVersion "1"]
[SourceVersionDate "2008.11.26"]
[SourceQuality "1"]

1. e4 c5 2. Nf3 Nc6 3. d4 cxd4 4. Nxd4 Nf6 5. Nc3 e5 6. Ndb5 d6 7. Nd5 Nxd5 8. exd5 Nb8 9. a4 Be7 10. Be2 0-0 11. 0-0 a6 12. Nc3 f5 13. f3 Bg5 14. Bxg5 Qxg5 15. f4 exf4 16. Qd4 Nd7 17. Rxf4 Ne5 18. Raf1 Qe7 19. R4f2 g5 20. a5 f4 21. Na4 Bf5 22. Nb6 Rae8 23. Bd1 Qc7 24. b4 Bg6 25. Rd2 Nd7 26. Nxd7 Qxd7 27. c4 Re4 28. Qc3 Qe7 29. Bc2 Re1 30. Rdf2 Rxf1+ 31. Kxf1 Bxc2 32. Qxc2 g4 33. Re2 Qg7 34. Qe4 f3 35. gxf3 gxf3 36. Rf2 Qa1+ 37. Qe1 Qd4 38. Qc1 Kh8 39. Qb2 Qxb2 40. Rxb2 Kg7 41. Kf2 Rf4 42. c5 Rd4 43. cxd6 Rxd5 44. Kxf3 Rxd6 45. b5 Kf6 46. bxa6 Rxa6 47. Rxb7 Rxa5 1/2-1/2